000 00359nam a22001577a 4500
003 OSt
005 20221121141729.0
008 221121b |||||||| |||| 00| 0 eng d
040 _cHU
050 _a692.3
_b2
082 _a692.3
100 _aCox Peter J.
_937269
245 _aWritng Specificaions For Construction
300 _f343
942 _2ddc
_cBOOKS
_n0
999 _c35681
_d35681